Statistiques concernant Les pays contenant entre 40 % et 50 % de protestants

Cliquez ici pour prendre le quiz!

Statistiques générales

  • Ce quiz a été pris 3 fois
  • Le résultat moyen est 3 sur 6

Statistiques - réponses

Hint Answer % Correct
45,00 %Ghana
67%
42,33 %Australie
67%
48,00 %Malawi
33%
46,00 %République démocratique du Congo
33%
44,15 %Ouganda
33%
42,20 %République centrafricaine
33%

Distribution des résultats

Percentile by Number Answered

% des personnes avec chaque résultat

Votre développement - résultats

Vous n’avez pas pris ce quiz